[Event "Muensterland Verbandsklasse-A 0910"]
[Site "Germany"]
[Date "2010.03.20"]
[Round "8.3"]
[White "Gesing, Felix"]
[Black "Weber, Hubert"]
[Result "0-1"]
[WhiteElo "1862"]
[BlackElo "1945"]
[PlyCount "94"]
[EventDate "2009.09.19"]
[EventType "team-tourn"]
[EventRounds "9"]
[EventCountry "GER"]
[SourceTitle "EXT 2011"]
[Source "ChessBase"]
[SourceDate "2010.11.26"]
[SourceVersion "1"]
[SourceVersionDate "2010.11.26"]
[SourceQuality "1"]
[WhiteTeam "Raesfeld Erle"]
[BlackTeam "Olfen"]
[WhiteTeamCountry "GER"]
[BlackTeamCountry "GER"]

1. e4 d6 2. d4 Nf6 3. Nc3 g6 4. Bg5 Bg7 5. Qd2 c6 6. f3 b5 7. d5 b4 8. Nd1 c5 9. Bb5+ Bd7 10. Bxd7+ Nbxd7 11. Ne2 h6 12. Bh4 0-0 13. Bxf6 Nxf6 14. Ne3 Qd7 15. Nc4 Qb5 16. Qd3 Nd7 17. Ne5 Qxd3 18. Nxd3 a5 19. Rb1 c4 20. Ndf4 Nc5 21. h4 Rfb8 22. 0-0 a4 23. Rfd1 b3 24. cxb3 axb3 25. a3 Na4 26. Rd2 Be5 27. g3 Nc5 28. Rc1 g5 29. hxg5 hxg5 30. Nh3 g4 31. Nf2 gxf3 32. Nd4 Ra4 33. Nc6 Rb7 34. Nxe5 dxe5 35. Rc3 f5 36. exf5 e4 37. Rd4 Rxa3 38. Rdxc4 Ra1+ 39. Rc1 Rxc1+ 40. Rxc1 Rb5 41. Rc3 Ra5 42. Re3 Ra1+ 43. Kh2 Rb1 44. Nxe4 Rxb2+ 45. Kg1 Re2 46. Nxc5 Rxe3 47. Na4 Re2 0-1

[Event "Muensterland Verbandsklasse-A 0910"]
[Site "Germany"]
[Date "2009.10.24"]
[Round "2.4"]
[White "Gesing, Felix"]
[Black "Silies, Juergen"]
[Result "1-0"]
[WhiteElo "1862"]
[BlackElo "1772"]
[PlyCount "53"]
[EventDate "2009.09.19"]
[EventType "team-tourn"]
[EventRounds "9"]
[EventCountry "GER"]
[SourceTitle "EXT 2011"]
[Source "ChessBase"]
[SourceDate "2010.11.26"]
[SourceVersion "1"]
[SourceVersionDate "2010.11.26"]
[SourceQuality "1"]
[WhiteTeam "Raesfeld Erle"]
[BlackTeam "Ibbenbueren"]
[WhiteTeamCountry "GER"]
[BlackTeamCountry "GER"]

1. Nf3 d5 2. d4 Nf6 3. e3 e6 4. Bd3 c5 5. b3 Be7 6. Ne5 0-0 7. 0-0 Nc6 8. f4 Nb4 9. Be2 cxd4 10. exd4 Qc7 11. c3 Nc6 12. Bd3 Bd7 13. Bb2 a6 14. Nd2 Rac8 15. g4 g6 16. h4 Nxe5 17. fxe5 Ne4 18. Bxe4 dxe4 19. Nxe4 Bxh4 20. g5 h6 21. Nf6+ Kg7 22. gxh6+ Kxh6 23. Qg4 Bxf6 24. exf6 g5 25. Rf2 Bc6 26. Qh3+ Kg6 27. Qd3+ 1-0

[Event "Muensterland Verbandsklasse-A 0809"]
[Site "Germany"]
[Date "2008.11.08"]
[Round "3.4"]
[White "Kuhlenbaeumer, Alfred"]
[Black "Gesing, Felix"]
[Result "1-0"]
[WhiteElo "1855"]
[BlackElo "1835"]
[PlyCount "63"]
[EventDate "2008.09.13"]
[EventType "tourn"]
[EventRounds "9"]
[EventCountry "GER"]
[SourceTitle "EXT 2010"]
[Source "ChessBase"]
[SourceDate "2010.11.25"]
[SourceVersion "1"]
[SourceVersionDate "2010.11.25"]
[SourceQuality "1"]
[WhiteTeam "Telgte"]
[BlackTeam "Raesfeld Erle"]
[WhiteTeamCountry "GER"]
[BlackTeamCountry "GER"]

1. e4 d6 2. d4 Nf6 3. Nc3 g6 4. Be3 c6 5. Qd2 b5 6. Bd3 Nbd7 7. Bh6 Bxh6 8. Qxh6 b4 9. Nce2 e5 10. Nf3 exd4 11. Nexd4 c5 12. Nb5 Ne5 13. Nxe5 dxe5 14. 0-0-0 Qb6 15. Nd6+ Ke7 16. Bc4 Rf8 17. Qg5 Be6 18. f4 h6 19. Qh4 g5 20. fxg5 hxg5 21. Qxg5 Rg8 22. Qxe5 Nd7 23. Qf4 Bxc4 24. Nxc4 Qe6 25. Ne3 Rac8 26. Nf5+ Kf8 27. Rd5 Rxg2 28. Rhd1 Rd8 29. Rd6 Qxa2 30. Qh6+ Ke8 31. Qh8+ Nf8 32. Rxd8# 1-0

[Event "Muensterland Verbandsklasse-A 0708"]
[Site "Germany"]
[Date "2008.05.17"]
[Round "9.3"]
[White "Luetkehermoelle, Martin"]
[Black "Gesing, Felix"]
[Result "1/2-1/2"]
[WhiteElo "1937"]
[BlackElo "1903"]
[PlyCount "60"]
[EventDate "2007.09.22"]
[EventType "team-tourn"]
[EventRounds "9"]
[EventCountry "GER"]
[SourceTitle "EXT 2009"]
[Source "ChessBase"]
[SourceDate "2008.11.26"]
[SourceVersion "1"]
[SourceVersionDate "2008.11.26"]
[SourceQuality "1"]
[WhiteTeam "Ochtrup"]
[BlackTeam "Raesfeld Erle"]
[WhiteTeamCountry "GER"]
[BlackTeamCountry "GER"]

1. e4 d6 2. d4 Nf6 3. Nc3 g6 4. f4 Bg7 5. Bd3 0-0 6. Nf3 c5 7. dxc5 dxc5 8. 0-0 Bg4 9. Be3 Qc8 10. e5 Nfd7 11. h3 Bxf3 12. Qxf3 Nc6 13. Be4 Rb8 14. Rad1 Nd4 15. Bxd4 cxd4 16. Nd5 Re8 17. Rxd4 Qc5 18. Qc3 Qxc3 19. Nxc3 Nc5 20. Bd5 e6 21. Bf3 Bf8 22. Rfd1 Rec8 23. R4d2 b5 24. Ne2 Na4 25. c3 Bc5+ 26. Kh2 Be3 27. Rc2 b4 28. Rd3 Bb6 29. b3 Nxc3 30. Nxc3 Ba5 1/2-1/2